{"text_format":"3","workbook":"xlsx","n_sheets":3,"sheets":["Chart1","Sheet1","DETAILED ESTIMATE "],"not_rendered":{"charts":2,"images":1,"defined_names":1},"unopened":[{"sheet":"Chart1","index":0,"reason":"not_a_worksheet"}],"read":"whole","date_system":"1900"}

{"sheet":"Sheet1","index":1,"n_rows":0,"n_cols":0,"rows_kept":0,"hidden":true}

{"sheet":"DETAILED ESTIMATE ","index":2,"n_rows":227,"n_cols":10,"rows_kept":227,"merged":[[0,7,0,10],[1,6,2,6],[1,7,2,10]]}
["Nexa Estimating, LLC",{"$nulls":5},"Project:"]
[{"$nulls":6},"Address:"]
["5900 Balcones Drive # 14421 St 100 Austin, TX, 78731"]
[{"$nulls":6},"Date:"]
["SR #","CSI SECT","DESCRIPTION","QUANTITY","WASTAGE\n(10%)","QTY WITH\nWASTAGE","UNIT OF\nMEASURMENT","UNIT COST","TOTAL ITEM\nCOST","TOTAL TRADE\nCOST"]
[{"$f":"IF(F6<>\"\",1+MAX(#REF!),\"\")","v":""},"DIV. 21","MECHANICAL",{"$nulls":6},{"$f":"SUM(I7:I220)","v":{"v":1385820.4300000002,"d":"$1,385,820"}}]
[{"$f":"IF(F7<>\"\",1+MAX($A$6:A6),\"\")","v":""}]
[{"$f":"IF(F8<>\"\",1+MAX($A$6:A7),\"\")","v":""},null,"HVAC Supply Ducts"]
[{"$f":"IF(F9<>\"\",1+MAX($A$6:A8),\"\")","v":1},null,"3/4\" Condensate Pipe",144,{"v":0.1,"d":"10%"},{"$f":"D9*(1+E9)","v":{"v":158.4,"d":"158"}},"lf",{"v":12.8,"d":"$12.8"},{"$f":"H9*F9","v":{"v":2027.5200000000002,"d":"$2,028"}}]
[{"$f":"IF(F10<>\"\",1+MAX($A$6:A9),\"\")","v":2},null,"1\" Condensate Pipe",28,{"v":0.1,"d":"10%"},{"v":30.800000000000004,"d":"31"},"lf",{"v":13.5,"d":"$13.5"},{"$f":"H10*F10","v":{"v":415.80000000000007,"d":"$416"}}]
[{"$f":"IF(F11<>\"\",1+MAX($A$6:A10),\"\")","v":3},null,"10\" Dia",99,{"v":0.1,"d":"10%"},{"v":108.9,"d":"109"},"lf",{"v":8,"d":"$8.0"},{"v":871.2,"d":"$871"}]
[{"$f":"IF(F12<>\"\",1+MAX($A$6:A11),\"\")","v":4},null,"10x10",140,{"v":0.1,"d":"10%"},154,"lf",{"v":9,"d":"$9.0"},{"v":1386,"d":"$1,386"}]
[{"$f":"IF(F13<>\"\",1+MAX($A$6:A12),\"\")","v":5},null,"10x12",250,{"v":0.1,"d":"10%"},275,"lf",{"v":9.8,"d":"$9.8"},{"v":2695,"d":"$2,695"}]
[{"$f":"IF(F14<>\"\",1+MAX($A$6:A13),\"\")","v":6},null,"10x4",120,{"v":0.1,"d":"10%"},132,"lf",{"v":7.8,"d":"$7.8"},{"v":1029.6,"d":"$1,030"}]
[{"$f":"IF(F15<>\"\",1+MAX($A$6:A14),\"\")","v":7},null,"10x6",110,{"v":0.1,"d":"10%"},{"v":121.00000000000001,"d":"121"},"lf",{"v":8.2,"d":"$8.2"},{"v":992.2,"d":"$992"}]
[{"$f":"IF(F16<>\"\",1+MAX($A$6:A15),\"\")","v":8},null,"10x8",187,{"v":0.1,"d":"10%"},{"v":205.70000000000002,"d":"206"},"lf",{"v":8.6,"d":"$8.6"},{"v":1769.02,"d":"$1,769"}]
[{"$f":"IF(F17<>\"\",1+MAX($A$6:A16),\"\")","v":9},null,"12x10",145,{"v":0.1,"d":"10%"},{"v":159.5,"d":"160"},"lf",{"v":9.8,"d":"$9.8"},{"v":1563.1000000000001,"d":"$1,563"}]
[{"$f":"IF(F18<>\"\",1+MAX($A$6:A17),\"\")","v":10},null,"12x12",215,{"v":0.1,"d":"10%"},{"v":236.50000000000003,"d":"237"},"lf",{"v":10.2,"d":"$10.2"},{"v":2412.3,"d":"$2,412"}]
[{"$f":"IF(F19<>\"\",1+MAX($A$6:A18),\"\")","v":11},null,"12x14",180,{"v":0.1,"d":"10%"},{"v":198.00000000000003,"d":"198"},"lf",{"v":10.4,"d":"$10.4"},{"v":2059.2000000000003,"d":"$2,059"}]
[{"$f":"IF(F20<>\"\",1+MAX($A$6:A19),\"\")","v":12},null,"12x4",120,{"v":0.1,"d":"10%"},132,"lf",{"v":7.8,"d":"$7.8"},{"v":1029.6,"d":"$1,030"}]
[{"$f":"IF(F21<>\"\",1+MAX($A$6:A20),\"\")","v":13},null,"12x6",174,{"v":0.1,"d":"10%"},{"v":191.4,"d":"191"},"lf",{"v":8,"d":"$8.0"},{"v":1531.2,"d":"$1,531"}]
[{"$f":"IF(F22<>\"\",1+MAX($A$6:A21),\"\")","v":14},null,"12x8",270,{"v":0.1,"d":"10%"},297,"lf",{"v":8.4,"d":"$8.4"},{"v":2494.8,"d":"$2,495"}]
[{"$f":"IF(F23<>\"\",1+MAX($A$6:A22),\"\")","v":15},null,"14x10",93,{"v":0.1,"d":"10%"},{"v":102.30000000000001,"d":"102"},"lf",{"v":9.6,"d":"$9.6"},{"v":982.08,"d":"$982"}]
[{"$f":"IF(F24<>\"\",1+MAX($A$6:A23),\"\")","v":16},null,"14x12",136,{"v":0.1,"d":"10%"},{"v":149.60000000000002,"d":"150"},"lf",{"v":10.4,"d":"$10.4"},{"v":1555.8400000000004,"d":"$1,556"}]
[{"$f":"IF(F25<>\"\",1+MAX($A$6:A24),\"\")","v":17},null,"14x14",291,{"v":0.1,"d":"10%"},{"v":320.1,"d":"320"},"lf",{"v":11,"d":"$11.0"},{"v":3521.1000000000004,"d":"$3,521"}]
[{"$f":"IF(F26<>\"\",1+MAX($A$6:A25),\"\")","v":18},null,"14x22",150,{"v":0.1,"d":"10%"},165,"lf",{"v":11.6,"d":"$11.6"},{"v":1914,"d":"$1,914"}]
[{"$f":"IF(F27<>\"\",1+MAX($A$6:A26),\"\")","v":19},null,"14x24",150,{"v":0.1,"d":"10%"},165,"lf",{"v":12,"d":"$12.0"},{"v":1980,"d":"$1,980"}]
[{"$f":"IF(F28<>\"\",1+MAX($A$6:A27),\"\")","v":20},null,"14x8",140,{"v":0.1,"d":"10%"},154,"lf",{"v":9.2,"d":"$9.2"},{"v":1416.8,"d":"$1,417"}]
[{"$f":"IF(F29<>\"\",1+MAX($A$6:A28),\"\")","v":21},null,"16x10",59,{"v":0.1,"d":"10%"},{"v":64.9,"d":"65"},"lf",{"v":10.2,"d":"$10.2"},{"v":661.98,"d":"$662"}]
[{"$f":"IF(F30<>\"\",1+MAX($A$6:A29),\"\")","v":22},null,"16x12",152,{"v":0.1,"d":"10%"},{"v":167.20000000000002,"d":"167"},"lf",{"v":10.4,"d":"$10.4"},{"v":1738.8800000000003,"d":"$1,739"}]
[{"$f":"IF(F31<>\"\",1+MAX($A$6:A30),\"\")","v":23},null,"16x14",200,{"v":0.1,"d":"10%"},{"v":220.00000000000003,"d":"220"},"lf",{"v":10.6,"d":"$10.6"},{"v":2332,"d":"$2,332"}]
[{"$f":"IF(F32<>\"\",1+MAX($A$6:A31),\"\")","v":24},null,"16x16",137,{"v":0.1,"d":"10%"},{"v":150.70000000000002,"d":"151"},"lf",{"v":10.8,"d":"$10.8"},{"v":1627.5600000000004,"d":"$1,628"}]
[{"$f":"IF(F33<>\"\",1+MAX($A$6:A32),\"\")","v":25},null,"16x18",154,{"v":0.1,"d":"10%"},{"v":169.4,"d":"169"},"lf",{"v":11,"d":"$11.0"},{"v":1863.4,"d":"$1,863"}]
[{"$f":"IF(F34<>\"\",1+MAX($A$6:A33),\"\")","v":26},null,"16x20",120,{"v":0.1,"d":"10%"},132,"lf",{"v":11.2,"d":"$11.2"},{"v":1478.3999999999999,"d":"$1,478"}]
[{"$f":"IF(F35<>\"\",1+MAX($A$6:A34),\"\")","v":27},null,"16x24",110,{"v":0.1,"d":"10%"},{"v":121.00000000000001,"d":"121"},"lf",{"v":11.6,"d":"$11.6"},{"v":1403.6000000000001,"d":"$1,404"}]
[{"$f":"IF(F36<>\"\",1+MAX($A$6:A35),\"\")","v":28},null,"16x26",110,{"v":0.1,"d":"10%"},{"v":121.00000000000001,"d":"121"},"lf",{"v":11.8,"d":"$11.8"},{"v":1427.8000000000002,"d":"$1,428"}]
[{"$f":"IF(F37<>\"\",1+MAX($A$6:A36),\"\")","v":29},null,"16x8",106,{"v":0.1,"d":"10%"},{"v":116.60000000000001,"d":"117"},"lf",{"v":9.6,"d":"$9.6"},{"v":1119.3600000000001,"d":"$1,119"}]
[{"$f":"IF(F38<>\"\",1+MAX($A$6:A37),\"\")","v":30},null,"18x10",150,{"v":0.1,"d":"10%"},165,"lf",{"v":10.4,"d":"$10.4"},{"v":1716,"d":"$1,716"}]
[{"$f":"IF(F39<>\"\",1+MAX($A$6:A38),\"\")","v":31},null,"18x12",140,{"v":0.1,"d":"10%"},154,"lf",{"v":10.6,"d":"$10.6"},{"v":1632.3999999999999,"d":"$1,632"}]
[{"$f":"IF(F40<>\"\",1+MAX($A$6:A39),\"\")","v":32},null,"18x14",49,{"v":0.1,"d":"10%"},{"v":53.900000000000006,"d":"54"},"lf",{"v":10.8,"d":"$10.8"},{"v":582.1200000000001,"d":"$582"}]
[{"$f":"IF(F41<>\"\",1+MAX($A$6:A40),\"\")","v":33},null,"20x10",148,{"v":0.1,"d":"10%"},{"v":162.8,"d":"163"},"lf",{"v":11,"d":"$11.0"},{"v":1790.8000000000002,"d":"$1,791"}]
[{"$f":"IF(F42<>\"\",1+MAX($A$6:A41),\"\")","v":34},null,"20x12",139,{"v":0.1,"d":"10%"},{"v":152.9,"d":"153"},"lf",{"v":11.4,"d":"$11.4"},{"v":1743.0600000000002,"d":"$1,743"}]
[{"$f":"IF(F43<>\"\",1+MAX($A$6:A42),\"\")","v":35},null,"20x14",84,{"v":0.1,"d":"10%"},{"v":92.4,"d":"92"},"lf",{"v":11.6,"d":"$11.6"},{"v":1071.8400000000001,"d":"$1,072"}]
[{"$f":"IF(F44<>\"\",1+MAX($A$6:A43),\"\")","v":36},null,"20x20",84,{"v":0.1,"d":"10%"},{"v":92.4,"d":"92"},"lf",{"v":12.8,"d":"$12.8"},{"v":1182.72,"d":"$1,183"}]
[{"$f":"IF(F45<>\"\",1+MAX($A$6:A44),\"\")","v":37},null,"22x12",24,{"v":0.1,"d":"10%"},{"v":26.400000000000002,"d":"26"},"lf",{"v":11,"d":"$11.0"},{"v":290.40000000000003,"d":"$290"}]
[{"$f":"IF(F46<>\"\",1+MAX($A$6:A45),\"\")","v":38},null,"22x14",225,{"v":0.1,"d":"10%"},{"v":247.50000000000003,"d":"248"},"lf",{"v":11.2,"d":"$11.2"},{"v":2772,"d":"$2,772"}]
[{"$f":"IF(F47<>\"\",1+MAX($A$6:A46),\"\")","v":39},null,"24x12",46,{"v":0.1,"d":"10%"},{"v":50.6,"d":"51"},"lf",{"v":11.2,"d":"$11.2"},{"v":566.72,"d":"$567"}]
[{"$f":"IF(F48<>\"\",1+MAX($A$6:A47),\"\")","v":40},null,"24x14",27,{"v":0.1,"d":"10%"},{"v":29.700000000000003,"d":"30"},"lf",{"v":11.6,"d":"$11.6"},{"v":344.52000000000004,"d":"$345"}]
[{"$f":"IF(F49<>\"\",1+MAX($A$6:A48),\"\")","v":41},null,"24x16",270,{"v":0.1,"d":"10%"},297,"lf",{"v":11.8,"d":"$11.8"},{"v":3504.6000000000004,"d":"$3,505"}]
[{"$f":"IF(F50<>\"\",1+MAX($A$6:A49),\"\")","v":42},null,"24x18",12,{"v":0.1,"d":"10%"},{"v":13.200000000000001,"d":"13"},"lf",{"v":12,"d":"$12.0"},{"v":158.4,"d":"$158"}]
[{"$f":"IF(F51<>\"\",1+MAX($A$6:A50),\"\")","v":43},null,"24x20",550,{"v":0.1,"d":"10%"},605,"lf",{"v":12.2,"d":"$12.2"},{"v":7381,"d":"$7,381"}]
[{"$f":"IF(F52<>\"\",1+MAX($A$6:A51),\"\")","v":44},null,"24x22",60,{"v":0.1,"d":"10%"},66,"lf",{"v":12.4,"d":"$12.4"},{"v":818.4,"d":"$818"}]
[{"$f":"IF(F53<>\"\",1+MAX($A$6:A52),\"\")","v":45},null,"24x26",10,{"v":0.1,"d":"10%"},11,"lf",{"v":12.6,"d":"$12.6"},{"v":138.6,"d":"$139"}]
[{"$f":"IF(F54<>\"\",1+MAX($A$6:A53),\"\")","v":46},null,"26x12",120,{"v":0.1,"d":"10%"},132,"lf",{"v":11.4,"d":"$11.4"},{"v":1504.8,"d":"$1,505"}]
[{"$f":"IF(F55<>\"\",1+MAX($A$6:A54),\"\")","v":47},null,"26x14",45,{"v":0.1,"d":"10%"},{"v":49.50000000000001,"d":"50"},"lf",{"v":11.6,"d":"$11.6"},{"v":574.2,"d":"$574"}]
[{"$f":"IF(F56<>\"\",1+MAX($A$6:A55),\"\")","v":48},null,"26x16",190,{"v":0.1,"d":"10%"},{"v":209.00000000000003,"d":"209"},"lf",{"v":11.8,"d":"$11.8"},{"v":2466.2000000000003,"d":"$2,466"}]
[{"$f":"IF(F57<>\"\",1+MAX($A$6:A56),\"\")","v":49},null,"26x20",130,{"v":0.1,"d":"10%"},143,"lf",{"v":12.2,"d":"$12.2"},{"v":1744.6,"d":"$1,745"}]
[{"$f":"IF(F58<>\"\",1+MAX($A$6:A57),\"\")","v":50},null,"30x14",450,{"v":0.1,"d":"10%"},{"v":495.00000000000006,"d":"495"},"lf",{"v":12.8,"d":"$12.8"},{"v":6336.000000000001,"d":"$6,336"}]
[{"$f":"IF(F59<>\"\",1+MAX($A$6:A58),\"\")","v":51},null,"30x18",25,{"v":0.1,"d":"10%"},{"v":27.500000000000004,"d":"28"},"lf",{"v":13,"d":"$13.0"},{"v":357.50000000000006,"d":"$358"}]
[{"$f":"IF(F60<>\"\",1+MAX($A$6:A59),\"\")","v":52},null,"30x20",141,{"v":0.1,"d":"10%"},{"v":155.10000000000002,"d":"155"},"lf",{"v":13.6,"d":"$13.6"},{"v":2109.36,"d":"$2,109"}]
[{"$f":"IF(F61<>\"\",1+MAX($A$6:A60),\"\")","v":53},null,"34x12",45,{"v":0.1,"d":"10%"},{"v":49.50000000000001,"d":"50"},"lf",{"v":12.6,"d":"$12.6"},{"v":623.7,"d":"$624"}]
[{"$f":"IF(F62<>\"\",1+MAX($A$6:A61),\"\")","v":54},null,"34x14",10,{"v":0.1,"d":"10%"},11,"lf",{"v":12.8,"d":"$12.8"},{"v":140.8,"d":"$141"}]
[{"$f":"IF(F63<>\"\",1+MAX($A$6:A62),\"\")","v":55},null,"34x16",9,{"v":0.1,"d":"10%"},{"v":9.9,"d":"10"},"lf",{"v":13,"d":"$13.0"},{"v":128.70000000000002,"d":"$129"}]
[{"$f":"IF(F64<>\"\",1+MAX($A$6:A63),\"\")","v":56},null,"34x24",12,{"v":0.1,"d":"10%"},{"v":13.200000000000001,"d":"13"},"lf",{"v":13.8,"d":"$13.8"},{"v":182.16000000000003,"d":"$182"}]
[{"$f":"IF(F65<>\"\",1+MAX($A$6:A64),\"\")","v":57},null,"34x26",20,{"v":0.1,"d":"10%"},22,"lf",{"v":14,"d":"$14.0"},{"v":308,"d":"$308"}]
[{"$f":"IF(F66<>\"\",1+MAX($A$6:A65),\"\")","v":58},null,"36x24",12,{"v":0.1,"d":"10%"},{"v":13.200000000000001,"d":"13"},"lf",{"v":15.4,"d":"$15.4"},{"v":203.28000000000003,"d":"$203"}]
[{"$f":"IF(F67<>\"\",1+MAX($A$6:A66),\"\")","v":59},null,"40x34",24,{"v":0.1,"d":"10%"},{"v":26.400000000000002,"d":"26"},"lf",{"v":17.2,"d":"$17.2"},{"v":454.08000000000004,"d":"$454"}]
[{"$f":"IF(F68<>\"\",1+MAX($A$6:A67),\"\")","v":60},null,"46x18",26,{"v":0.1,"d":"10%"},{"v":28.6,"d":"29"},"lf",{"v":18.4,"d":"$18.4"},{"v":526.24,"d":"$526"}]
[{"$f":"IF(F69<>\"\",1+MAX($A$6:A68),\"\")","v":61},null,"6\" Dia",120,{"v":0.1,"d":"10%"},132,"lf",{"v":5.5,"d":"$5.5"},{"v":726,"d":"$726"}]
[{"$f":"IF(F70<>\"\",1+MAX($A$6:A69),\"\")","v":62},null,"6x6",165,{"v":0.1,"d":"10%"},{"v":181.50000000000003,"d":"182"},"lf",{"v":7.4,"d":"$7.4"},{"v":1343.1000000000004,"d":"$1,343"}]
[{"$f":"IF(F71<>\"\",1+MAX($A$6:A70),\"\")","v":63},null,"6x8",200,{"v":0.1,"d":"10%"},{"v":220.00000000000003,"d":"220"},"lf",{"v":7.6,"d":"$7.6"},{"v":1672.0000000000002,"d":"$1,672"}]
[{"$f":"IF(F72<>\"\",1+MAX($A$6:A71),\"\")","v":64},null,"8\" Dia",135,{"v":0.1,"d":"10%"},{"v":148.5,"d":"149"},"lf",{"v":7.3,"d":"$7.3"},{"v":1084.05,"d":"$1,084"}]
[{"$f":"IF(F73<>\"\",1+MAX($A$6:A72),\"\")","v":65},null,"8x4",28,{"v":0.1,"d":"10%"},{"$f":"D73*(1+E73)","v":{"v":30.800000000000004,"d":"31"}},"lf",{"v":7.4,"d":"$7.4"},{"v":227.92000000000004,"d":"$228"}]
[{"$f":"IF(F74<>\"\",1+MAX($A$6:A73),\"\")","v":66},null,"8x6",145,{"v":0.1,"d":"10%"},{"v":159.5,"d":"160"},"lf",{"v":7.8,"d":"$7.8"},{"$f":"H74*F74","v":{"v":1244.1,"d":"$1,244"}}]
[{"$f":"IF(F75<>\"\",1+MAX($A$6:A74),\"\")","v":67},null,"8x8",230,{"v":0.1,"d":"10%"},{"v":253.00000000000003,"d":"253"},"lf",{"v":8.2,"d":"$8.2"},{"v":2074.6,"d":"$2,075"}]
[{"$f":"IF(F76<>\"\",1+MAX($A$6:A75),\"\")","v":68},null,"CHW Piping 8\" CSP S40",80,{"v":0.1,"d":"10%"},88,"LF",{"v":50.8,"d":"$50.8"},{"v":4470.4,"d":"$4,470"}]
[{"$f":"IF(F77<>\"\",1+MAX($A$6:A76),\"\")","v":69},null,"CHW Piping 6\" CSP S40",320,{"v":0.1,"d":"10%"},352,"LF",{"v":39.1,"d":"$39.1"},{"v":13763.2,"d":"$13,763"}]
[{"$f":"IF(F78<>\"\",1+MAX($A$6:A77),\"\")","v":70},null,"CHW Piping 4\" CSP S40",745,{"v":0.1,"d":"10%"},{"v":819.5000000000001,"d":"820"},"LF",{"v":31.96,"d":"$32.0"},{"v":26191.220000000005,"d":"$26,191"}]
[{"$f":"IF(F79<>\"\",1+MAX($A$6:A78),\"\")","v":71},null,"8\" CS BW S40 Tee",12,{"v":0,"d":"0%"},12,"EA",{"v":339,"d":"$339.0"},{"v":4068,"d":"$4,068"}]
[{"$f":"IF(F80<>\"\",1+MAX($A$6:A79),\"\")","v":72},null,"8\" CS BW S40 C. Red x 6\"",6,{"v":0,"d":"0%"},6,"EA",{"v":174.9,"d":"$174.9"},{"v":1049.4,"d":"$1,049"}]
[{"$f":"IF(F81<>\"\",1+MAX($A$6:A80),\"\")","v":73},null,"8\" CS WN 150LB Flange",8,{"v":0,"d":"0%"},8,"EA",{"v":176.9,"d":"$176.9"},{"v":1415.2,"d":"$1,415"}]
[{"$f":"IF(F82<>\"\",1+MAX($A$6:A81),\"\")","v":74},null,"6\" CS WN 150LB Flange",16,{"v":0,"d":"0%"},16,"EA",{"v":114.7,"d":"$114.7"},{"v":1835.2,"d":"$1,835"}]
[{"$f":"IF(F83<>\"\",1+MAX($A$6:A82),\"\")","v":75},null,"5\" CS WN 150LB Flange",10,{"v":0,"d":"0%"},10,"EA",{"v":176.9,"d":"$176.9"},{"v":1769,"d":"$1,769"}]
[{"$f":"IF(F84<>\"\",1+MAX($A$6:A83),\"\")","v":76},null,"4\" CS WN 150LB Flange",12,{"v":0,"d":"0%"},12,"EA",{"v":71.3,"d":"$71.3"},{"v":855.5999999999999,"d":"$856"}]
[{"$f":"IF(F85<>\"\",1+MAX($A$6:A84),\"\")","v":77},null,"6\" CS BW S40 Tee",4,{"v":0,"d":"0%"},4,"EA",{"v":235.1,"d":"$235.1"},{"v":940.4,"d":"$940"}]
[{"$f":"IF(F86<>\"\",1+MAX($A$6:A85),\"\")","v":78},null,"6\" CS BW S40 C. Red x 5\"",4,{"v":0,"d":"0%"},4,"EA",{"v":132.7,"d":"$132.7"},{"v":530.8,"d":"$531"}]
[{"$f":"IF(F87<>\"\",1+MAX($A$6:A86),\"\")","v":79},null,"6\" CS BW S40 C. Red x 4\"",4,{"v":0,"d":"0%"},4,"EA",{"v":132.7,"d":"$132.7"},{"v":530.8,"d":"$531"}]
[{"$f":"IF(F88<>\"\",1+MAX($A$6:A87),\"\")","v":80},null,"4\" CS BW S40 Tee",4,{"v":0,"d":"0%"},4,"EA",{"v":139.7,"d":"$139.7"},{"v":558.8,"d":"$559"}]
[{"$f":"IF(F89<>\"\",1+MAX($A$6:A88),\"\")","v":81},null,"8\" CS BW S40 90",16,{"v":0,"d":"0%"},16,"EA",{"v":230.4,"d":"$230.4"},{"v":3686.4,"d":"$3,686"}]
[{"$f":"IF(F90<>\"\",1+MAX($A$6:A89),\"\")","v":82},null,"6\" CS BW S40 90",4,{"v":0,"d":"0%"},4,"EA",{"v":152.8,"d":"$152.8"},{"v":611.2,"d":"$611"}]
[{"$f":"IF(F91<>\"\",1+MAX($A$6:A90),\"\")","v":83},null,"5\" CS BW S40 90",2,{"v":0,"d":"0%"},2,"EA",{"v":152.8,"d":"$152.8"},{"v":305.6,"d":"$306"}]
[{"$f":"IF(F92<>\"\",1+MAX($A$6:A91),\"\")","v":84},null,"4\" CS BW S40 90",8,{"v":0,"d":"0%"},8,"EA",{"v":87.9,"d":"$87.9"},{"v":703.2,"d":"$703"}]
[{"$f":"IF(F93<>\"\",1+MAX($A$6:A92),\"\")","v":85},null,"6\" Flanged Strainer",4,{"v":0,"d":"0%"},4,"EA",{"v":589.9,"d":"$589.9"},{"v":2359.6,"d":"$2,360"}]
[{"$f":"IF(F94<>\"\",1+MAX($A$6:A93),\"\")","v":86},null,"6\" Flanged Check Valve",8,{"v":0,"d":"0%"},8,"EA",{"v":569.9,"d":"$569.9"},{"v":4559.2,"d":"$4,559"}]
[{"$f":"IF(F95<>\"\",1+MAX($A$6:A94),\"\")","v":87},null,"6\" Flanged Butterfly Valve",8,{"v":0,"d":"0%"},8,"EA",{"v":353.9,"d":"$353.9"},{"v":2831.2,"d":"$2,831"}]
[{"$f":"IF(F96<>\"\",1+MAX($A$6:A95),\"\")","v":88},null,"6\" Flanged Suction Diffuser",6,{"v":0,"d":"0%"},6,"EA",{"v":885,"d":"$885.0"},{"v":5310,"d":"$5,310"}]
[{"$f":"IF(F97<>\"\",1+MAX($A$6:A96),\"\")","v":89},null,"6\" Flanged SS Flexible Connector",8,{"v":0,"d":"0%"},8,"EA",{"v":399,"d":"$399.0"},{"v":3192,"d":"$3,192"}]
[{"$f":"IF(F98<>\"\",1+MAX($A$6:A97),\"\")","v":90},null,"5\" Flanged Suction Diffuser",2,{"v":0,"d":"0%"},2,"EA",{"v":885,"d":"$885.0"},{"v":1770,"d":"$1,770"}]
[{"$f":"IF(F99<>\"\",1+MAX($A$6:A98),\"\")","v":91},null,"5\" Flanged SS Flexible Connector",2,{"v":0,"d":"0%"},2,"EA",{"v":399,"d":"$399.0"},{"v":798,"d":"$798"}]
[{"$f":"IF(F100<>\"\",1+MAX($A$6:A99),\"\")","v":92},null,"4\" Flanged SS Flexible Connector",6,{"v":0,"d":"0%"},6,"EA",{"v":224.5,"d":"$224.5"},{"v":1347,"d":"$1,347"}]
[{"$f":"IF(F101<>\"\",1+MAX($A$6:A100),\"\")","v":93},null,"SS Exhaust Ductwork","4,460",{"v":0.1,"d":"10%"},{"v":4906,"d":"4,906"},"SF",{"v":20.2,"d":"$20.2"},{"v":99101.2,"d":"$99,101"}]
[{"$f":"IF(F102<>\"\",1+MAX($A$6:A101),\"\")","v":""}]
[{"$f":"IF(F103<>\"\",1+MAX($A$6:A102),\"\")","v":""},null,"Electric Heaters"]
[{"$f":"IF(F104<>\"\",1+MAX($A$6:A103),\"\")","v":94},null,"Qmark CWH1101DSAF 1kW",1,{"v":0,"d":"0%"},1,"ea",{"v":800,"d":"$800.0"},{"v":800,"d":"$800"}]
[{"$f":"IF(F105<>\"\",1+MAX($A$6:A104),\"\")","v":95},null,"Qmark FFCB030 6kW",1,{"v":0,"d":"0%"},1,"ea",{"v":3500,"d":"$3,500.0"},{"v":3500,"d":"$3,500"}]
[{"$f":"IF(F106<>\"\",1+MAX($A$6:A105),\"\")","v":""}]
[{"$f":"IF(F107<>\"\",1+MAX($A$6:A106),\"\")","v":""},null,"Split AC Systems"]
[{"$f":"IF(F108<>\"\",1+MAX($A$6:A107),\"\")","v":96},null,"Mitsubishi PLA-A12BA6 12 MBH Cooling",4,{"v":0,"d":"0%"},4,"ea",{"v":2300,"d":"$2,300.0"},{"v":9200,"d":"$9,200"}]
[{"$f":"IF(F109<>\"\",1+MAX($A$6:A108),\"\")","v":97},null,"Mitsubishi PLA-A24BA6 24 MBH Cooling 16 MBH Heating",1,{"v":0,"d":"0%"},1,"ea",{"v":2500,"d":"$2,500.0"},{"v":2500,"d":"$2,500"}]
[{"$f":"IF(F110<>\"\",1+MAX($A$6:A109),\"\")","v":98},null,"Mitsubishi PLA-A18BA6 18 MBH Cooling 13 MBH Heating",1,{"v":0,"d":"0%"},1,"ea",{"v":2400,"d":"$2,400.0"},{"v":2400,"d":"$2,400"}]
[{"$f":"IF(F111<>\"\",1+MAX($A$6:A110),\"\")","v":99},null,"Mitsubishi PUY-A12NHA6 12 MBH 14 SEER",4,{"v":0,"d":"0%"},4,"ea",{"v":2550,"d":"$2,550.0"},{"v":10200,"d":"$10,200"}]
[{"$f":"IF(F112<>\"\",1+MAX($A$6:A111),\"\")","v":100},null,"Mitsubishi PUZ-A24NHA6 24 MBH 14 SEER",1,{"v":0,"d":"0%"},1,"ea",{"v":3350,"d":"$3,350.0"},{"v":3350,"d":"$3,350"}]
[{"$f":"IF(F113<>\"\",1+MAX($A$6:A112),\"\")","v":101},null,"Mitsubishi PUZ-A18NHA6 18 MBH 14.2 SEER",1,{"v":0,"d":"0%"},1,"ea",{"v":2950,"d":"$2,950.0"},{"v":2950,"d":"$2,950"}]
[{"$f":"IF(F114<>\"\",1+MAX($A$6:A113),\"\")","v":102},null,"AHU  1-09, 60,000 CFM, 50HP,     1750 RPM, 480V, 3PH",1,{"v":0,"d":"0%"},1,"EA",{"v":65000,"d":"$65,000.0"},{"v":65000,"d":"$65,000"}]
[{"$f":"IF(F115<>\"\",1+MAX($A$6:A114),\"\")","v":103},null,"AHU  2-09, 60,000 CFM, 50HP,     1750 RPM, 480V, 3PH",1,{"v":0,"d":"0%"},1,"EA",{"v":65000,"d":"$65,000.0"},{"v":65000,"d":"$65,000"}]
[{"$f":"IF(F116<>\"\",1+MAX($A$6:A115),\"\")","v":104},null,"AHU  3-09, 60,000 CFM, 50HP,     1750 RPM, 480V, 3PH",1,{"v":0,"d":"0%"},1,"EA",{"v":65000,"d":"$65,000.0"},{"v":65000,"d":"$65,000"}]
[{"$f":"IF(F117<>\"\",1+MAX($A$6:A116),\"\")","v":105},null,"AHU  4-09, 60,000 CFM, 50HP,     1750 RPM, 480V, 3PH",1,{"v":0,"d":"0%"},1,"EA",{"v":65000,"d":"$65,000.0"},{"v":65000,"d":"$65,000"}]
[{"$f":"IF(F118<>\"\",1+MAX($A$6:A117),\"\")","v":106},null,"AHU  5-09, 6,700 CFM, 7.5HP,    1750 RPM, 480V, 3PH",1,{"v":0,"d":"0%"},1,"EA",{"v":10000,"d":"$10,000.0"},{"v":10000,"d":"$10,000"}]
[{"$f":"IF(F119<>\"\",1+MAX($A$6:A118),\"\")","v":107},null,"AHU  6-09, 3,500 CFM, 5.0HP,      1750 RPM, 480V, 3PH",1,{"v":0,"d":"0%"},1,"EA",{"v":6000,"d":"$6,000.0"},{"v":6000,"d":"$6,000"}]
[{"$f":"IF(F120<>\"\",1+MAX($A$6:A119),\"\")","v":108},null,"AHU  7-09, 6,000 CFM, 15.0HP,    1750 RPM, 480V, 3PH",1,{"v":0,"d":"0%"},1,"EA",{"v":10000,"d":"$10,000.0"},{"v":10000,"d":"$10,000"}]
[{"$f":"IF(F121<>\"\",1+MAX($A$6:A120),\"\")","v":109},null,"AHU  8-09, 3,500 CFM, 5.0HP,      1750 RPM, 480V, 3PH",1,{"v":0,"d":"0%"},1,"EA",{"v":6000,"d":"$6,000.0"},{"v":6000,"d":"$6,000"}]
[{"$f":"IF(F122<>\"\",1+MAX($A$6:A121),\"\")","v":110},null,"AHU  9-09, 9,000 CFM, 7.5HP,      1750 RPM, 480V, 3PH",1,{"v":0,"d":"0%"},1,"EA",{"v":15000,"d":"$15,000.0"},{"v":15000,"d":"$15,000"}]
[{"$f":"IF(F123<>\"\",1+MAX($A$6:A122),\"\")","v":111},null,"AHU 10-09, 16,000 CFM, 15.0HP, 1750 RPM, 480V, 3PH",2,{"v":0,"d":"0%"},2,"EA",{"v":22000,"d":"$22,000.0"},{"v":44000,"d":"$44,000"}]
[{"$f":"IF(F124<>\"\",1+MAX($A$6:A123),\"\")","v":112},null,"ERU-1 Energy Rec. Unit, 14,950 CFM, 1750 RPM, 15.0HP",1,{"v":0,"d":"0%"},1,"EA",{"v":20000,"d":"$20,000.0"},{"v":20000,"d":"$20,000"}]
[{"$f":"IF(F125<>\"\",1+MAX($A$6:A124),\"\")","v":113},null,"Cooling Tower CT-1",1,{"v":0,"d":"0%"},{"$f":"D125*(1+E125)","v":1},"EA",{"v":36000,"d":"$36,000.0"},{"v":36000,"d":"$36,000"}]
[{"$f":"IF(F126<>\"\",1+MAX($A$6:A125),\"\")","v":""}]
[{"$f":"IF(F127<>\"\",1+MAX($A$6:A126),\"\")","v":""},null,"HEAT PUMPING UNITS"]
[{"$f":"IF(F128<>\"\",1+MAX($A$6:A127),\"\")","v":114},null,"Pump PCWP B&G 1510-5E, 800 GPM, 1750 RPM, 30HP",2,{"v":0,"d":"0%"},{"$f":"D128*(1+E128)","v":2},"EA",{"v":7500,"d":"$7,500.00"},{"v":15000,"d":"$15,000"}]
[{"$f":"IF(F129<>\"\",1+MAX($A$6:A128),\"\")","v":115},null,"Pump PCWP B&G 1510-4E, 700 GPM, 1750 RPM, 20HP",2,{"v":0,"d":"0%"},2,"EA",{"v":7500,"d":"$7,500.00"},{"v":15000,"d":"$15,000"}]
[{"$f":"IF(F130<>\"\",1+MAX($A$6:A129),\"\")","v":116},null,"Pump SCWP B&G 1510-5E, 1,000 GPM, 1750 RPM, 25HP",2,{"v":0,"d":"0%"},2,"EA",{"v":10000,"d":"$10,000.0"},{"v":20000,"d":"$20,000"}]
[{"$f":"IF(F131<>\"\",1+MAX($A$6:A130),\"\")","v":117},null,"Pump SCWP B&G 1510-5E, 1,200 GPM, 1750 RPM, 30HP",2,{"v":0,"d":"0%"},2,"EA",{"v":11500,"d":"$11,500.0"},{"v":23000,"d":"$23,000"}]
[{"$f":"IF(F132<>\"\",1+MAX($A$6:A131),\"\")","v":118},null,"Pump HWP B&G 1510-3E, 300 GPM, 1750 RPM, 15HP",4,{"v":0,"d":"0%"},4,"EA",{"v":6000,"d":"$6,000.0"},{"v":24000,"d":"$24,000"}]
[{"$f":"IF(F133<>\"\",1+MAX($A$6:A132),\"\")","v":119},null,"CWP B&G 1510-5E, 1200 GPM, 1750 RPM, 25HP",2,{"v":0,"d":"0%"},2,"EA",{"v":11400,"d":"$11,400.0"},{"v":22800,"d":"$22,800"}]
[{"$f":"IF(F134<>\"\",1+MAX($A$6:A133),\"\")","v":120},null,"15HP VFD @ Pumps",4,{"v":0,"d":"0%"},4,"EA",{"v":3200,"d":"$3,200.0"},{"v":12800,"d":"$12,800"}]
[{"$f":"IF(F135<>\"\",1+MAX($A$6:A134),\"\")","v":121},null,"20HP VFD @ Pumps",2,{"v":0,"d":"0%"},2,"EA",{"v":4300,"d":"$4,300.0"},{"v":8600,"d":"$8,600"}]
[{"$f":"IF(F136<>\"\",1+MAX($A$6:A135),\"\")","v":122},null,"25HP VFD @ Pumps",4,{"v":0,"d":"0%"},4,"EA",{"v":5150,"d":"$5,150.0"},{"v":20600,"d":"$20,600"}]
[{"$f":"IF(F137<>\"\",1+MAX($A$6:A136),\"\")","v":123},null,"30HP VFD @ Pumps",4,{"v":0,"d":"0%"},{"$f":"D137*(1+E137)","v":4},"EA",{"v":6000,"d":"$6,000.0"},{"v":24000,"d":"$24,000"}]
[{"$f":"IF(F138<>\"\",1+MAX($A$6:A137),\"\")","v":""}]
[{"$f":"IF(F139<>\"\",1+MAX($A$6:A138),\"\")","v":""},null,"BOILER"]
[{"$f":"IF(F140<>\"\",1+MAX($A$6:A139),\"\")","v":124},null,"Boiler, AERCO BMK 3,000,000 BTUH, 300 GPM",2,{"v":0,"d":"0%"},{"$f":"D140*(1+E140)","v":2},"EA",{"v":24500,"d":"$24,500.0"},{"v":49000,"d":"$49,000"}]
[{"$f":"IF(F141<>\"\",1+MAX($A$6:A140),\"\")","v":125},null,"Exp. Tank B4G D-120, 68 Gallon",5,{"v":0,"d":"0%"},5,"EA",{"v":438.5,"d":"$438.5"},{"v":2192.5,"d":"$2,193"}]
[{"$f":"IF(F142<>\"\",1+MAX($A$6:A141),\"\")","v":126},null,"Exp. Tank B4G D-60, 33 Gallon",2,{"v":0,"d":"0%"},2,"EA",{"v":290.5,"d":"$290.5"},{"v":581,"d":"$581"}]
[{"$f":"IF(F143<>\"\",1+MAX($A$6:A142),\"\")","v":""}]
[{"$f":"IF(F144<>\"\",1+MAX($A$6:A143),\"\")","v":""},null,"Infrared Heaters"]
[{"$f":"IF(F145<>\"\",1+MAX($A$6:A144),\"\")","v":127},null,"Infratech W-40 4kW",6,{"v":0,"d":"0%"},{"$f":"D145*(1+E145)","v":6},"ea",{"v":950,"d":"$950.0"},{"v":5700,"d":"$5,700"}]
[{"$f":"IF(F146<>\"\",1+MAX($A$6:A145),\"\")","v":128},null,"Infratech W-25 2.5kW",3,{"v":0,"d":"0%"},3,"ea",{"v":850,"d":"$850.0"},{"v":2550,"d":"$2,550"}]
[{"$f":"IF(F147<>\"\",1+MAX($A$6:A146),\"\")","v":129},null,"Infrared Heater Controller and Relay Panel",1,{"v":0,"d":"0%"},1,"ea",{"v":1200,"d":"$1,200.0"},{"v":1200,"d":"$1,200"}]
[{"$f":"IF(F148<>\"\",1+MAX($A$6:A147),\"\")","v":""}]
[{"$f":"IF(F149<>\"\",1+MAX($A$6:A148),\"\")","v":""},null,"Rooftop Units (Gas/Electric)"]
[{"$f":"IF(F150<>\"\",1+MAX($A$6:A149),\"\")","v":130},null,"Carrier 48HCEE20 17.5 Tons",1,{"v":0,"d":"0%"},{"$f":"D150*(1+E150)","v":1},"ea",{"v":17000,"d":"$17,000.0"},{"v":17000,"d":"$17,000"}]
[{"$f":"IF(F151<>\"\",1+MAX($A$6:A150),\"\")","v":131},null,"Carrier 48HCFE24 20 Tons",3,{"v":0,"d":"0%"},3,"ea",{"v":20500,"d":"$20,500.0"},{"v":61500,"d":"$61,500"}]
[{"$f":"IF(F152<>\"\",1+MAX($A$6:A151),\"\")","v":132},null,"Carrier 48HCFE14 12.5 Tons",3,{"v":0,"d":"0%"},3,"ea",{"v":13000,"d":"$13,000.0"},{"v":39000,"d":"$39,000"}]
[{"$f":"IF(F153<>\"\",1+MAX($A$6:A152),\"\")","v":133},null,"Carrier 48A2G030 30 Tons",2,{"v":0,"d":"0%"},2,"ea",{"v":25500,"d":"$25,500.0"},{"v":51000,"d":"$51,000"}]
[{"$f":"IF(F154<>\"\",1+MAX($A$6:A153),\"\")","v":134},null,"Carrier 48HCDE11 10 Tons",2,{"v":0,"d":"0%"},2,"ea",{"v":9000,"d":"$9,000.0"},{"v":18000,"d":"$18,000"}]
[{"$f":"IF(F155<>\"\",1+MAX($A$6:A154),\"\")","v":135},null,"Carrier 48HCDB04 3 Tons",2,{"v":0,"d":"0%"},2,"ea",{"v":3700,"d":"$3,700.0"},{"v":7400,"d":"$7,400"}]
[{"$f":"IF(F156<>\"\",1+MAX($A$6:A155),\"\")","v":136},null,"Carrier 48HCDB05 4 Tons",1,{"v":0,"d":"0%"},1,"ea",{"v":4200,"d":"$4,200.0"},{"v":4200,"d":"$4,200"}]
[{"$f":"IF(F157<>\"\",1+MAX($A$6:A156),\"\")","v":137},null,"Carrier 48HCFE08 7.5 Tons",1,{"v":0,"d":"0%"},1,"ea",{"v":5700,"d":"$5,700.0"},{"v":5700,"d":"$5,700"}]
[{"$f":"IF(F158<>\"\",1+MAX($A$6:A157),\"\")","v":""}]
[{"$f":"IF(F159<>\"\",1+MAX($A$6:A158),\"\")","v":""},null,"Sound Attenuator Devices"]
[{"$f":"IF(F160<>\"\",1+MAX($A$6:A159),\"\")","v":138},null,"Price ERM44/1C",1,{"v":0,"d":"0%"},{"$f":"D160*(1+E160)","v":1},"ea",{"v":514,"d":"$514.0"},{"v":514,"d":"$514"}]
[{"$f":"IF(F161<>\"\",1+MAX($A$6:A160),\"\")","v":139},null,"Price ERM44/1D",3,{"v":0,"d":"0%"},3,"ea",{"v":514,"d":"$514.0"},{"v":1542,"d":"$1,542"}]
[{"$f":"IF(F162<>\"\",1+MAX($A$6:A161),\"\")","v":140},null,"Price ERM40/6B",1,{"v":0,"d":"0%"},1,"ea",{"v":416,"d":"$416.0"},{"v":416,"d":"$416"}]
[{"$f":"IF(F163<>\"\",1+MAX($A$6:A162),\"\")","v":141},null,"Price ERM49/6B",2,{"v":0,"d":"0%"},2,"ea",{"v":533,"d":"$533.0"},{"v":1066,"d":"$1,066"}]
[{"$f":"IF(F164<>\"\",1+MAX($A$6:A163),\"\")","v":142},null,"Price ERM41/WB",2,{"v":0,"d":"0%"},2,"ea",{"v":416,"d":"$416.0"},{"v":832,"d":"$832"}]
[{"$f":"IF(F165<>\"\",1+MAX($A$6:A164),\"\")","v":""}]
[{"$f":"IF(F166<>\"\",1+MAX($A$6:A165),\"\")","v":""},null,"Linear Air Slot Diffusers"]
[{"$f":"IF(F167<>\"\",1+MAX($A$6:A166),\"\")","v":143},null,"Price SDS-100 ",20,{"v":0,"d":"0%"},20,"ea",{"v":363,"d":"$363.0"},{"v":7260,"d":"$7,260"}]
[{"$f":"IF(F168<>\"\",1+MAX($A$6:A167),\"\")","v":144},null,"Price SDS-50",1,{"v":0,"d":"0%"},1,"ea",{"v":263,"d":"$263.0"},{"v":263,"d":"$263"}]
[{"$f":"IF(F169<>\"\",1+MAX($A$6:A168),\"\")","v":145},null,"Price JSP",1,{"v":0,"d":"0%"},1,"ea",{"v":110,"d":"$110.0"},{"v":110,"d":"$110"}]
[{"$f":"IF(F170<>\"\",1+MAX($A$6:A169),\"\")","v":146},null,"Price JS",1,{"v":0,"d":"0%"},1,"ea",{"v":110,"d":"$110.0"},{"v":110,"d":"$110"}]
[{"$f":"IF(F171<>\"\",1+MAX($A$6:A170),\"\")","v":""}]
[{"$f":"IF(F172<>\"\",1+MAX($A$6:A171),\"\")","v":""},null,"Air Devices"]
[{"$f":"IF(F173<>\"\",1+MAX($A$6:A172),\"\")","v":147},null,"Price SCD Cone",2,{"v":0,"d":"0%"},2,"ea",{"v":70,"d":"$70.0"},{"v":140,"d":"$140"}]
[{"$f":"IF(F174<>\"\",1+MAX($A$6:A173),\"\")","v":148},null,"Price ASCD Cone",1,{"v":0,"d":"0%"},1,"ea",{"v":80,"d":"$80.0"},{"v":80,"d":"$80"}]
[{"$f":"IF(F175<>\"\",1+MAX($A$6:A174),\"\")","v":149},null,"Price SPD Plaque",6,{"v":0,"d":"0%"},6,"ea",{"v":60,"d":"$60.0"},{"v":360,"d":"$360"}]
[{"$f":"IF(F176<>\"\",1+MAX($A$6:A175),\"\")","v":150},null,"Price 520D Grille",3,{"v":0,"d":"0%"},3,"ea",{"v":55,"d":"$55.0"},{"v":165,"d":"$165"}]
[{"$f":"IF(F177<>\"\",1+MAX($A$6:A176),\"\")","v":151},null,"Price 535 Grille",10,{"v":0,"d":"0%"},10,"ea",{"v":65,"d":"$65.0"},{"v":650,"d":"$650"}]
[{"$f":"IF(F178<>\"\",1+MAX($A$6:A177),\"\")","v":152},null,"Air Separator B&G R-6, 6\"",2,{"v":0,"d":"0%"},2,"EA",{"v":1670,"d":"$1,670.00"},{"v":3340,"d":"$3,340"}]
[{"$f":"IF(F179<>\"\",1+MAX($A$6:A178),\"\")","v":153},null,"Air Separator B&G R-8, 8\"",2,{"v":0,"d":"0%"},2,"EA",{"v":2100,"d":"$2,100.00"},{"v":4200,"d":"$4,200"}]
[{"$f":"IF(F180<>\"\",1+MAX($A$6:A179),\"\")","v":""}]
[{"$f":"IF(F181<>\"\",1+MAX($A$6:A180),\"\")","v":""},null,"Air Curtains"]
[{"$f":"IF(F182<>\"\",1+MAX($A$6:A181),\"\")","v":154},null,"Mars STD2144-3EHS-0B 36kW 1/2 HP",3,{"v":0,"d":"0%"},3,"ea",{"v":6260,"d":"$6,260.0"},{"v":18780,"d":"$18,780"}]
[{"$f":"IF(F183<>\"\",1+MAX($A$6:A182),\"\")","v":155},null,"Mars STD284-2EHN-0B 24kW 1/2 HP",1,{"v":0,"d":"0%"},1,"ea",{"v":4981,"d":"$4,981.0"},{"v":4981,"d":"$4,981"}]
[{"$f":"IF(F184<>\"\",1+MAX($A$6:A183),\"\")","v":""}]
[{"$f":"IF(F185<>\"\",1+MAX($A$6:A184),\"\")","v":""},null,"Louvers"]
[{"$f":"IF(F186<>\"\",1+MAX($A$6:A185),\"\")","v":156},null,"Greenheck EDF-401 36x12 in 660 cfm",1,{"v":0,"d":"0%"},1,"ea",{"v":350,"d":"$350.0"},{"v":350,"d":"$350"}]
[{"$f":"IF(F187<>\"\",1+MAX($A$6:A186),\"\")","v":157},null,"Greenheck EDF-401 36x60 in 300 cfm",1,{"v":0,"d":"0%"},1,"ea",{"v":500,"d":"$500.0"},{"v":500,"d":"$500"}]
[{"$f":"IF(F188<>\"\",1+MAX($A$6:A187),\"\")","v":""}]
[{"$f":"IF(F189<>\"\",1+MAX($A$6:A188),\"\")","v":""},null,"Exhaust Fans"]
[{"$f":"IF(F190<>\"\",1+MAX($A$6:A189),\"\")","v":158},null,"Greenheck CW-095-VG Sidewall Mount 600 cfm 1/6 HP",1,{"v":0,"d":"0%"},1,"ea",{"v":1000,"d":"$1,000.0"},{"v":1000,"d":"$1,000"}]
[{"$f":"IF(F191<>\"\",1+MAX($A$6:A190),\"\")","v":159},null,"Greenheck SQ-99-VG Inline Type 660 cfm 1/4 HP",1,{"v":0,"d":"0%"},1,"ea",{"v":900,"d":"$900.0"},{"v":900,"d":"$900"}]
[{"$f":"IF(F192<>\"\",1+MAX($A$6:A191),\"\")","v":160},null,"Greenheck G-98-VG Roof Mount 490 cfm 1/4 HP",1,{"v":0,"d":"0%"},1,"ea",{"v":750,"d":"$750.0"},{"v":750,"d":"$750"}]
[{"$f":"IF(F193<>\"\",1+MAX($A$6:A192),\"\")","v":161},null,"Greenheck G-123-VG Roof Mount 1100 cfm 1/2 HP",1,{"v":0,"d":"0%"},1,"ea",{"v":1300,"d":"$1,300.0"},{"v":1300,"d":"$1,300"}]
[{"$f":"IF(F194<>\"\",1+MAX($A$6:A193),\"\")","v":162},null,"Greenheck SP-B110 Ceiling Mount 95 cfm 80W",3,{"v":0,"d":"0%"},3,"ea",{"v":340,"d":"$340.0"},{"v":1020,"d":"$1,020"}]
[{"$f":"IF(F195<>\"\",1+MAX($A$6:A194),\"\")","v":""}]
[{"$f":"IF(F196<>\"\",1+MAX($A$6:A195),\"\")","v":""},null,"Elevators"]
[{"$f":"IF(F197<>\"\",1+MAX($A$6:A196),\"\")","v":163},null,"Shadowbrook Elevator E1, model HydroFit Hospital 5000# @ 100 FPM",1,{"v":0,"d":"0%"},{"$f":"D197*(1+E197)","v":1},"ea",{"v":10500,"d":"$10,500.0"},{"$f":"H197*F197","v":{"v":10500,"d":"$10,500"}}]
[{"$f":"IF(F198<>\"\",1+MAX($A$6:A197),\"\")","v":164},null,"Shadowbrook Elevator E2, model HydroFit Hospital 5000# @ 100 FPM",1,{"v":0,"d":"0%"},1,"ea",{"v":10500,"d":"$10,500.0"},{"v":10500,"d":"$10,500"}]
[{"$f":"IF(F199<>\"\",1+MAX($A$6:A198),\"\")","v":165},null,"Shadowbrook Elevator E3, model HydroFit Passenger 3000# @ 100 FPM",1,{"v":0,"d":"0%"},1,"ea",{"v":10500,"d":"$10,500.0"},{"v":10500,"d":"$10,500"}]
[{"$f":"IF(F200<>\"\",1+MAX($A$6:A199),\"\")","v":166},null,"Elevator Pit Sump Pump, Little Giant",3,{"v":0,"d":"0%"},3,"ea",{"v":650,"d":"$650.0"},{"v":1950,"d":"$1,950"}]
[{"$f":"IF(F201<>\"\",1+MAX($A$6:A200),\"\")","v":""}]
[{"$f":"IF(F202<>\"\",1+MAX($A$6:A201),\"\")","v":""},null,"Atmospherics Equipment"]
[{"$f":"IF(F203<>\"\",1+MAX($A$6:A202),\"\")","v":167},null,"Taylor-Wharton Liquid Gas Cylinders",1,{"v":0,"d":"0%"},1,"ea",{"v":100,"d":"$100.0"},{"v":100,"d":"$100"}]
[{"$f":"IF(F204<>\"\",1+MAX($A$6:A203),\"\")","v":168},null,"Look Solutions Unique 2.1 Hazer Unit 1500W",1,{"v":0,"d":"0%"},1,"ea",{"v":2600,"d":"$2,600.0"},{"v":2600,"d":"$2,600"}]
[{"$f":"IF(F205<>\"\",1+MAX($A$6:A204),\"\")","v":169},null,"MDG Ice Fog Q™ Low Fog Generator",1,{"v":0,"d":"0%"},1,"ea",{"v":14000,"d":"$14,000.0"},{"v":14000,"d":"$14,000"}]
[{"$f":"IF(F206<>\"\",1+MAX($A$6:A205),\"\")","v":170},null,"Snow Masters T-1100 Snowmachine",1,{"v":0,"d":"0%"},1,"ea",{"v":2800,"d":"$2,800.0"},{"v":2800,"d":"$2,800"}]
[{"$f":"IF(F207<>\"\",1+MAX($A$6:A206),\"\")","v":""}]
[{"$f":"IF(F208<>\"\",1+MAX($A$6:A207),\"\")","v":""},null,"Fire Protection Items"]
[{"$f":"IF(F209<>\"\",1+MAX($A$6:A208),\"\")","v":171},null,"Concealed Pendant Sprinkler, 5.6K",441,{"v":0,"d":"0%"},441,"ea",{"v":25,"d":"$25.0"},{"v":11025,"d":"$11,025"}]
[{"$f":"IF(F210<>\"\",1+MAX($A$6:A209),\"\")","v":172},null,"Dry Pendant Sprinkler",50,{"v":0,"d":"0%"},50,"ea",{"v":20,"d":"$20.0"},{"v":1000,"d":"$1,000"}]
[{"$f":"IF(F211<>\"\",1+MAX($A$6:A210),\"\")","v":173},null,"Dry Sidewall Sprinkler",3,{"v":0,"d":"0%"},3,"ea",{"v":20,"d":"$20.0"},{"v":60,"d":"$60"}]
[{"$f":"IF(F212<>\"\",1+MAX($A$6:A211),\"\")","v":174},null,"Upright Sprinkler",82,{"v":0,"d":"0%"},82,"ea",{"v":20,"d":"$20.0"},{"v":1640,"d":"$1,640"}]
[{"$f":"IF(F213<>\"\",1+MAX($A$6:A212),\"\")","v":175},null,"Fluid Pipe Network Total Length (Diameters and Types Unavailable)",6960,{"v":0.1,"d":"10%"},{"v":7656.000000000001,"d":"7,656"},"lf",{"v":11,"d":"$11.0"},{"v":84216.00000000001,"d":"$84,216"}]
[{"$f":"IF(F214<>\"\",1+MAX($A$6:A213),\"\")","v":""}]
[{"$f":"IF(F215<>\"\",1+MAX($A$6:A214),\"\")","v":""}]
[{"$f":"IF(F216<>\"\",1+MAX($A$6:A215),\"\")","v":""},null,"Other"]
[{"$f":"IF(F217<>\"\",1+MAX($A$6:A216),\"\")","v":176},null,"Little Giant 34CSPT-551301 Condensate Pump",5,{"v":0,"d":"0%"},{"$f":"D217*(1+E217)","v":5},"ea",{"v":100,"d":"$100.0"},{"v":500,"d":"$500"}]
[{"$f":"IF(F218<>\"\",1+MAX($A$6:A217),\"\")","v":177},null,"Elevator Sump Pump Control Panel",3,{"v":0,"d":"0%"},3,"ea",{"v":2500,"d":"$2,500.0"},{"v":7500,"d":"$7,500"}]
[{"$f":"IF(F219<>\"\",1+MAX($A$6:A218),\"\")","v":""}]
[{"$f":"IF(F220<>\"\",1+MAX($A$6:A12),\"\")","v":""}]
[]
["SUB TOTAL",{"$nulls":7},{"$f":"SUM(I6:I221)","v":{"v":1385820.4300000002,"d":"$1,385,820"}},{"$f":"SUM(J6:J221)","v":{"v":1385820.4300000002,"d":"$1,385,820"}}]
["OVERHEAD & PROFIT (25%)",{"$nulls":6},{"v":0.25,"d":"25%"},{"$f":"H223*I222","v":{"v":346455.10750000004,"d":"$346,455"}},{"$f":"H223*J222","v":{"v":346455.10750000004,"d":"$346,455"}}]
["TOTAL BID",{"$nulls":7},{"$f":"SUM(I222:I223)","v":{"v":1732275.5375,"d":"$1,732,276"}},{"$f":"SUM(J222:J223)","v":{"v":1732275.5375,"d":"$1,732,276"}}]
[null,null,"PREPARED BY :"]
[]
[null,null,"EXCLUSIONS"]